00495nam a2200205Ia 4500008004100000020001800041050001400059100001500073245002700088245004100115260001500156260001600171260000900187300001500196300002700211300001000238440002700248440000600275500000800281170918s9999 xx 000 0 und d a9780439107983 bM821 1999 aMoore, Eva 4aThe truth about bats / cEva Moore ; illustrated by Ted Enik. aNew York : bScholastic, c1999 a70 pages : bcolored illustration ; c19cm. aThe magic school bus ; v1 a600